01230nab a22002417a 4500003000400000005001700004008004100021040000700062100002100069245008800090260007300178300001500251500007200266505031300338505008900651650002900740650002000769650002500789650001500814650001400829650001200843773013300855OSt20251226235938.0190603e xxum|||| |||| 00| 0 spa d cPJ aPepe, Marcelo A.13aEl derecho real de superficie. Consideraciones sobre su objeto /cMarcelo A. Pepe.  cCiudad Autónoma de Buenos Aires :aThomson Reuters La Ley, b2025. ap. 199-213 aCita: TR LALEY AR/DOC/1812/2025 Publicado en: RCCyC 2025 (agosto). aSumario: I. Introducción.— II. El derecho real de superficie en el Cód. Civ. y Com.— III. Objeto de los derechos reales y del derecho real de superficie.— IV. Constitución del derecho real de superficie. Implicancias registrales y catastrales.— V. Emplazamiento del derecho real de superficie.  t¿Te interesa el texto completo? Solicitalo al correo: koha@justierradelfuego.gov.ar 0aCODIGO CIVIL Y COMERCIAL 0aDERECHOS REALES 0aDERECHO DE PROPIEDAD 0aPOSESIÓN 0aUSUFRUCTO 0aDOMINIO0 02713dCiudad Autónoma de Buenos Aires : Thomson Reuters La Ley, 2015-tRevista Código Civil y Comercial. Nº 4 - Agosto 2025